000 01186nam a2200217Ia 4500
001 20211
003 GE_BSU
008 181216s||||||||xx |||||||||||||| ||und||
040 _cGE_BSU
245 _aსაქართველოს უზენაესი სასამართლოს გადაწყვეტილებანი სამოქალაქო საქმეებზე 11. სამეწარმეო დავები 2016
245 _bკრებული
245 _cგადაწყ. შერჩევასა და დამუშავ. პასუხისმგ. ზაზა ჯაფაეიძე
260 _aთბილისი
260 _c2016
300 _a208 გვ. 21სმ.
653 _aპერიოდიკა
653 _aსამართალი
653 _aსაქართველოს უზენაესი სასამართლოს გადაწყვეტილებანი სამოქალაქო საქმეებზე 11. სამეწარმეო დავები 2016
653 _aსოციალური დავები
942 _cCR
999 _c53172
_d53172